000
00317nam a22001457a 4500
003
OSt
005
20210928113154.0
008
210928b |||||||| |||| 00| 0 eng d
040
_c
HU
082
_a
540/CHA
100
_a
REYMOND
_q
CHANG REYMOND
_9
7598
245
_a
CHEEMISTRY
300
_a
1085
942
_2
ddc
_c
BOOKS
_n
0
999
_c
7141
_d
7141